Конструирование и технология электронных средств: учебное пособие

Bibliografske podrobnosti
Glavni avtor: Хадыкин А. М.
Korporativna značnica: Омский государственный технический университет (ОмГТУ)
Drugi avtorji: Вильшук В. А.
Izvleček:Изложены методические указания и программа по дисциплине «Конструирование и технология электронных средств», контрольные задания, а также рекомендации по выполнению курсового и дипломного проектирования. Предназначено для самостоятельной работы студентов, обучающихся по специальностям 210106 - промышленная электроника, 210302 - радиотехника по заочной форме обучения.
Jezik:ruščina
Izdano: Омск, Изд-во ОмГТУ, 2008
Teme:
Format: Knjiga
KOHA link:https://koha.lib.tpu.ru/cgi-bin/koha/opac-detail.pl?biblionumber=164293

MARC

LEADER 00000nam0a2200000 4500
001 164293
005 20231101222449.0
010 |a 9785814906090 
035 |a (RuTPU)RU\TPU\book\178246 
090 |a 164293 
100 |a 20090903d2008 m y0rusy50 ca 
101 0 |a rus 
102 |a RU 
105 |a a j 001zy 
200 1 |a Конструирование и технология электронных средств  |e учебное пособие  |f А. М. Хадыкин, В. А. Вильшук 
210 |a Омск  |c Изд-во ОмГТУ  |d 2008 
215 |a 110 с.  |c ил. 
320 |a Библиогр.: с. 101-103. 
330 |a Изложены методические указания и программа по дисциплине «Конструирование и технология электронных средств», контрольные задания, а также рекомендации по выполнению курсового и дипломного проектирования. Предназначено для самостоятельной работы студентов, обучающихся по специальностям 210106 - промышленная электроника, 210302 - радиотехника по заочной форме обучения. 
606 1 |a Электронные устройства  |x Проектирование  |x Математические методы  |2 stltpush  |3 (RuTPU)RU\TPU\subj\20536  |9 45635 
610 1 |a электронные средства 
610 1 |a промышленная электроника 
610 1 |a курсовое проектирование 
610 1 |a пояснительная записка 
610 1 |a радиотехника 
610 1 |a текстовые документы 
610 1 |a графические документы 
610 1 |a схемы 
610 1 |a чертежи 
610 1 |a требования 
610 1 |a учебные пособия 
675 |a 621.38.001(075.8)  |v 3 
700 1 |a Хадыкин  |b А. М. 
701 1 |a Вильшук  |b В. А. 
712 0 2 |a Омский государственный технический университет (ОмГТУ)  |2 stltpush  |3 (RuTPU)RU\TPU\col\394 
801 1 |a RU  |b 63413507  |c 20090903 
801 2 |a RU  |b 63413507  |c 20091001  |g RCR 
942 |c BK